| Tag |
First Indicator |
Second Indicator |
Subfields |
| LEADER |
00000cam a2200000 a 4500 |
| 001 |
in00000002563 |
| 005 |
20151007050728.0 |
| 008 |
981021s1998 aluab b f000 0 eng d |
| 035 |
|
|
|a (OCoLC)40145364
|
| 035 |
|
|
|9 AJD1849AM
|
| 040 |
|
|
|a GPO
|c GPO
|d DLC
|d MvI
|d UtOrBLW
|
| 043 |
|
|
|a n-us-al
|
| 049 |
|
|
|a UDOC
|
| 074 |
|
|
|a 0624-B
|
| 086 |
0 |
|
|a I 19.42/4:98-4127
|
| 100 |
1 |
|
|a Journey, Celeste A.
|
| 245 |
1 |
0 |
|a Streamflow, water-quality, and biological conditions in the Big Black Creek Basin, St. Clair County, Alabama, 1997 /
|c by C.A. Journey, A.E. Clark, and V.E. Stricklin ; prepared in cooperation with the city of Moody, St. Clair County, and Birmingham Water Works.
|
| 246 |
2 |
|
|a Streamflow, water quality, and biological conditions in the Big Black Creek Basin, St. Clair County, Alabama, 1997
|
| 264 |
|
1 |
|a Montgomery, Ala. :
|b U.S. Dept. of the Interior, U.S. Geological Survey ;
|c 1998.
|
| 264 |
|
2 |
|a Denver, CO :
|b USGS Information Center [distributor],
|
| 300 |
|
|
|a iv, 52 pages :
|b illustrations, maps ;
|c 28 cm.
|
| 336 |
|
|
|a text
|b txt
|2 rdacontent
|
| 337 |
|
|
|a unmediated
|b n
|2 rdamedia
|
| 338 |
|
|
|a volume
|b nc
|2 rdacarrier
|
| 490 |
1 |
|
|a Water-resources investigations report ;
|v 98-4127
|
| 500 |
|
|
|a Shipping list number: 99-0001-P.
|
| 504 |
|
|
|a Includes bibliographical references (pages 40-42).
|
| 650 |
|
0 |
|a Streamflow
|z Alabama
|z Saint Clair County.
|
| 650 |
|
0 |
|a Water quality
|z Alabama
|z Saint Clair County.
|
| 650 |
|
0 |
|a Valley ecology
|z Alabama
|z Saint Clair County.
|
| 700 |
1 |
|
|a Clark, A. E.
|
| 700 |
1 |
|
|a Stricklin, V. E.
|
| 710 |
2 |
|
|a Geological Survey (U.S.)
|
| 710 |
1 |
|
|a Moody (Ala.)
|
| 710 |
1 |
|
|a Saint Clair County (Ala.)
|
| 710 |
2 |
|
|a Water Works and Sewer Board of the City of Birmingham.
|
| 830 |
|
0 |
|a Water-resources investigations report ;
|v 98-4127.
|
| 999 |
|
|
|a MARS
|
| 999 |
f |
f |
|s f6c4e1f2-7b4f-3101-81d3-f1fffc86c2a7
|i 4abff515-0426-343c-936d-a9b048815693
|t 0
|
| 952 |
f |
f |
|p normal
|a Texas A&M University
|b College Station
|c Sterling C. Evans Library
|d Evans: US Documents (Annex 5th floor)
|t 0
|e I 19.42/4:98-4127
|h Superintendent of Documents classification
|i unmediated -- volume
|m A14826655383
|
| 998 |
f |
f |
|a I 19.42/4:98-4127
|t 0
|l Evans: US Documents (Annex 5th floor)
|